000 00732nas a2200253 4500
001 BR8902556
003 BR-BrBNA
005 20231205091544.0
007 ta
008 230509b bl.|||p| |||| 00| 00por d
040 _aBR-BrBNA
_bpor
_cBiblioteca Nacional de Agricultura
041 _a(Pt)
072 _aL70; L50
100 1 _aFelicio, L.F.
100 1 _aPalermo Neto, J.
100 1 _aNasello, A.G.
245 1 _aSobre o uso prolongado e perinatal de drogas
650 _aMEDICAMENTO
650 _aEFEITO COLATERAL
650 _aSISTEMA NERVOSO
773 0 _tCiencia e Cultura (Brazil)
_xISSN 0009-6725
_g(Apr 1988), v. 40(4) p. 329-333
_wBR8902556
909 _a202311
_bLúcia
_c55
_dLúcia Elande
942 _2AGRIS
_n0
_cANA
999 _c125841
_d125841